[Event "Scheveningen Match "]
[Site "Hotel "]
[Date "2019.12.28"]
[Round "5.1"]
[White "Mohamed, Saeed Laily"]
[Black "Dezelin, Milan"]
[Result "0-1"]
[WhiteElo "1842"]
[BlackElo "2005"]
[PlyCount "102"]
[EventDate "2019.12.24"]
[WhiteTeam "World"]
[BlackTeam "Paracin"]

1. d4 Nf6 2. Bg5 e6 3. e3 Be7 4. Nd2 b6 5. Ngf3 Bb7 6. Bd3 h6 7. Bf4 d6 8. h3
Nbd7 9. O-O O-O 10. c4 Re8 11. Bh2 Bf8 12. Be2 e5 13. d5 a5 14. b3 g6 15. Qc2
Bg7 16. e4 Nh5 17. Rab1 Nf4 18. Bxf4 exf4 19. a3 Qe7 20. Bd3 g5 21. g4 fxg3 22.
fxg3 f5 23. Rbe1 f4 24. gxf4 gxf4 25. Kh2 Kh8 26. Rg1 Rg8 27. Re2 Be5 28. Reg2
Rg3 29. Rxg3 fxg3+ 30. Kg2 Rg8 31. Nf1 Bc8 32. Be2 Nf6 33. Nxe5 Qxe5 34. Bf3
Kh7 35. Nd2 Kh8 36. Nf1 Kh7 37. Ne3 Nh5 38. Bxh5 Bxh3+ 39. Kxh3 Qxh5+ 40. Kg2
Qh2+ 41. Kf3 Qxg1 42. e5+ Kh8 43. e6 Rf8+ 44. Ke4 Qf2 45. Qc3+ Kh7 46. e7 Qf4+
47. Kd3 Re8 48. Qd4 Qxd4+ 49. Kxd4 Rxe7 50. Kd3 Rxe3+ 51. Kxe3 h5 0-1